书目信息 |
| 题名: |
中国农作物病虫图谱
|
|
| 作者: | 周水良 , 郑明儿 编著 ;本书编绘组 编 | |
| 分册: | 第七分册 桑树病虫 | |
| 出版信息: | 北京 农业出版社 1992 |
|
| 页数: | 95页 | |
| 开本: | 19cm | |
| 丛书名: | ||
| 单 册: | ||
| 中图分类: | S43-64 | |
| 科图分类: | ||
| 主题词: | 作物--病虫害--中国--图谱 , 桑树--病虫害--中国--图谱 | |
| 电子资源: | ||
| ISBN: | 7-109-02631-0 | |
| 000 | 00849nam0 2200265 450 | |
| 001 | 0100393065 | |
| 005 | 20101117092800.0 | |
| 010 | @a7-109-02631-0@dCNY5.25 | |
| 011 | @a7-109-02631-0 | |
| 100 | @a20021005d1992 em y0chiy0110 ea | |
| 101 | 0 | @achi |
| 102 | @aCN@b110000 | |
| 105 | @aa z 000yy | |
| 106 | @ar | |
| 200 | 1 | @a中国农作物病虫图谱@9Zhong Guo Nong Zuo Wu Bing Chong Tu Pu @i桑树病虫@f周水良,郑明儿编著@g《中国农业病虫图谱》编绘组编@h第七分册@b专著 |
| 210 | @a北京@c农业出版社@d1992 | |
| 215 | @a95页@d19cm | |
| 606 | 0 | @a作物@x病虫害@y中国@x图谱 |
| 606 | 0 | @a桑树@x病虫害@y中国@x图谱 |
| 690 | @aS43-64@v3 | |
| 701 | 0 | @a周水良@9zhou shui liang@4编著 |
| 701 | 0 | @a郑明儿@9zheng ming er@4编著 |
| 712 | 2 | @a本书编绘组@9ben shu bian hui zu@4编 |
| 801 | 0 | @aCN@bAiZhiMarc@c19930223 |
| 905 | @aBZT@dS43@e381:7@f27@sS43/381:7 | |
| 中国农作物病虫图谱.桑树病虫/周水良,郑明儿编著/《中国农业病虫图谱》编绘组编.第七分册.-北京:农业出版社,1992 |
| 95页;19cm |
| ISBN 7-109-02631-0:CNY5.25 |
| ● |
| 相关链接 |
|
|
|
正题名:中国农作物病虫图谱
索取号:S43/381:7
 
预约/预借
| 序号 | 登录号 | 条形码 | 馆藏地/架位号 | 状态 | 备注 |
| 1 | 2000139390 | 2000139390 | 旧书回溯/ [索取号:S43/381:7] | 在馆 | |
| 2 | 2000139391 | 2000139391 | 旧书回溯/ [索取号:S43/381:7] | 在馆 | |
| 3 | 2000139392 | 2000139392 | 旧书回溯/ [索取号:S43/381:7] | 在馆 | |
| 4 | 2000139393 | 2000139393 | 旧书回溯/ [索取号:S43/381:7] | 在馆 | |
| 5 | 2000139394 | 2000139394 | 旧书回溯/ [索取号:S43/381:7] | 在馆 | |
| 6 | 2000139395 | 2000139395 | 旧书回溯/ [索取号:S43/381:7] | 在馆 | |
| 7 | 2000139396 | 2000139396 | 旧书回溯/ [索取号:S43/381:7] | 在馆 | |
| 8 | 2000139397 | 2000139397 | 旧书回溯/ [索取号:S43/381:7] | 在馆 | |
| 9 | 2000139398 | 2000139398 | 旧书回溯/ [索取号:S43/381:7] | 在馆 | |
| 10 | 2000139399 | 2000139399 | 旧书回溯/ [索取号:S43/381:7] | 在馆 | |
| 11 | 2000139400 | 2000139400 | 旧书回溯/ [索取号:S43/381:7] | 在馆 | |
| 12 | 2000139401 | 2000139401 | 旧书回溯/ [索取号:S43/381:7] | 在馆 | |
| 13 | 2000139402 | 2000139402 | 旧书回溯/ [索取号:S43/381:7] | 在馆 | |
| 14 | 2000139403 | 2000139403 | 旧书回溯/ [索取号:S43/381:7] | 在馆 | |
| 15 | 2000139404 | 2000139404 | 旧书回溯/ [索取号:S43/381:7] | 在馆 | |
| 16 | 2000139405 | 2000139405 | 旧书回溯/ [索取号:S43/381:7] | 在馆 | |
| 17 | 2000139406 | 2000139406 | 旧书回溯/ [索取号:S43/381:7] | 在馆 | |
| 18 | 2000139407 | 2000139407 | 旧书回溯/ [索取号:S43/381:7] | 在馆 | |
| 19 | 2000139408 | 2000139408 | 旧书回溯/ [索取号:S43/381:7] | 在馆 | |
| 20 | 2000139409 | 2000139409 | 旧书回溯/ [索取号:S43/381:7] | 在馆 | |
| 21 | 2000139410 | 2000139410 | 旧书回溯/ [索取号:S43/381:7] | 在馆 | |
| 22 | 2000139411 | 2000139411 | 旧书回溯/ [索取号:S43/381:7] | 在馆 | |
| 23 | 2000139412 | 2000139412 | 旧书回溯/ [索取号:S43/381:7] | 在馆 | |
| 24 | 2000139413 | 2000139413 | 旧书回溯/ [索取号:S43/381:7] | 在馆 | |
| 25 | 2000139414 | 2000139414 | 旧书回溯/ [索取号:S43/381:7] | 在馆 | |
| 26 | 2000139415 | 2000139415 | 旧书回溯/ [索取号:S43/381:7] | 在馆 | |
| 27 | 2000139416 | 2000139416 | 旧书回溯/ [索取号:S43/381:7] | 在馆 |